ბათუმის შოთა რუსთაველის სახელმწიფო უნივერსიტეტის ბიბლიოთეკა

უმაღლესი მათემატიკის კურსი.ნაწ.1. სახელმძღვ. / (ბიბ.ჩანაწერი № 37350)

000 -ლიდერი
ფიქსირებული სიგრძის საკონტროლო ველი 01022nam a2200253Ia 4500
001 - საკონტროლო ნომერი
საკონტროლო ველი 3309
003 - საკონტროლო ნომრის იდენტიფიკატორი
საკონტროლო ველი GE_BSU
005 - ბოლო ოპერაციის თარიღი და დრო
საკონტროლო ველი 20190528135807.0
008 - ფიქსირებული სიგრძის მონაცემთა ელემენტები - ზოგადი ინფორმაცია
ფიქსირებული სიგრძის საკონტროლო ველი 181216s2002|||| |||||||||||||| ||geo||
020 ## - წიგნის საერთაშორისო სტანდარტული ნომერი
International Standard Book Number 9992890258
040 ## - კატალოგიზაციის წყარო
Transcribing agency GE_BSU
041 ## - ენის კოდი
Language code of text/sound track or separate title geo
080 ## - უნივერსალური ათობითი კლასიფიკაციის ინდექსი
Universal Decimal Classification number 51(075.8) თ-77
100 ## - მთავარი ჩანაწერი - პიროვნების სახელი
Personal name თოფურია, ს
9 (RLIN) 1489
245 ## - ცნობა სათაურის შესახებ
Title უმაღლესი მათემატიკის კურსი.ნაწ.1. სახელმძღვ. /
Statement of responsibility, etc ს. თოფურია ; ვ..ხოჭოლავა ; ნ. მაჭარაშვილი ; თოფურიას რედ-ით..
264 ## - წარმოების, გამოცემის, დისტრიბუციის და სხვა ცნობები
გამოცემის, წარმოების, დისტრიბუციის... ადგილი თბილისი :
გამოცემის, წარმოების, დისტრიბუციის... სახელწოდება სტუ.,
გამოცემის, წარმოების, დისტრიბუციის... თარიღი 2002.
300 ## - ფიზიკური აღწერა
Extent 500 გვ .:
Dimensions 20 სმ.
653 ## - INDEX TERM--UNCONTROLLED
Uncontrolled term უმაღლესი მათემატიკა
700 ## - ADDED ENTRY--PERSONAL NAME
Personal name ხოჭოლავა, ვ
9 (RLIN) 1493
700 ## - ADDED ENTRY--PERSONAL NAME
Personal name მაჭარაშვილი, ნ
9 (RLIN) 1495
700 ## - ADDED ENTRY--PERSONAL NAME
Personal name თოფურიას
Relator term რედაქციით
9 (RLIN) 1414
942 ## - ADDED ENTRY ELEMENTS (KOHA)
Koha item type წიგნი
Source of classification or shelving scheme
ეგზემპლარები
ჩამოწერის სტატუსი დაკარგული ეგზემპლარის სტატუსი კლასიფიკაციის წყარო ან თაროზე გაწყობის სქემა დაზიანების სტატუსი არ გაიცემა მუდმივი მდებარეობა (დაცვის ადგილი) ამჟამინდელი ადგილსამყოფელი თაროზე განთავსების ადგილი შეძენის თარიღი ღირებულება, შესყიდვის ნორმალური ფასი სრული შენახვის შიფრი შტრიხკოდი ბოლო ოპერაციის თარიღი ეგზემპლარის მიმდევრობითი ნომერი (კეტერი?) ფასის ძალაში შესვლის თარიღი ეგზემპლარის სახეობა საჯარო შენიშვნა
          ტექნოლოგიური ფაკულტეტის ბიბლიოთეკა ტექნოლოგიური ფაკულტეტის ბიბლიოთეკა წიგნსაცავი 2018-12-17 1.00 51(075.8) თ-77 9208 2018-12-17 9208 2018-12-17 წიგნი 1 ლ. 50 თ.
          ტექნოლოგიური ფაკულტეტის ბიბლიოთეკა ტექნოლოგიური ფაკულტეტის ბიბლიოთეკა წიგნსაცავი 2019-06-04 7.00 51(075.8) თ-77 10223 2019-06-04 10223 2019-06-04 წიგნი 7 ლ.
          ტექნოლოგიური ფაკულტეტის ბიბლიოთეკა ტექნოლოგიური ფაკულტეტის ბიბლიოთეკა წიგნსაცავი 2019-06-04 7.00 51(075.8) თ-77 10224 2019-06-04 10224 2019-06-04 წიგნი 7 ლ.
          ტექნოლოგიური ფაკულტეტის ბიბლიოთეკა ტექნოლოგიური ფაკულტეტის ბიბლიოთეკა წიგნსაცავი 2019-06-04 7.00 51(075.8) თ-77 10225 2019-06-04 10225 2019-06-04 წიგნი 7 ლ.
          ტექნოლოგიური ფაკულტეტის ბიბლიოთეკა ტექნოლოგიური ფაკულტეტის ბიბლიოთეკა წიგნსაცავი 2019-06-04 7.00 51(075.8) თ-77 10226 2019-06-04 10226 2019-06-04 წიგნი 7 ლ.
          ტექნოლოგიური ფაკულტეტის ბიბლიოთეკა ტექნოლოგიური ფაკულტეტის ბიბლიოთეკა   2019-06-04 7.00 51(075.8) თ-77 10227 2019-06-04 10227 2019-06-04 წიგნი 7 ლ.
          ტექნოლოგიური ფაკულტეტის ბიბლიოთეკა ტექნოლოგიური ფაკულტეტის ბიბლიოთეკა წიგნსაცავი 2019-06-04 7.00 51(075.8) თ-77 10228 2019-06-04 10228 2019-06-04 წიგნი 7 ლ.
          ტექნოლოგიური ფაკულტეტის ბიბლიოთეკა ტექნოლოგიური ფაკულტეტის ბიბლიოთეკა წიგნსაცავი 2019-06-04 7.00 51(075.8) თ-77 10229 2019-06-04 10229 2019-06-04 წიგნი 7 ლ.
          ტექნოლოგიური ფაკულტეტის ბიბლიოთეკა ტექნოლოგიური ფაკულტეტის ბიბლიოთეკა წიგნსაცავი 2019-06-04 7.00 51(075.8) თ-77 10230 2019-06-04 10230 2019-06-04 წიგნი 7 ლ.
          ტექნოლოგიური ფაკულტეტის ბიბლიოთეკა ტექნოლოგიური ფაკულტეტის ბიბლიოთეკა წიგნსაცავი 2019-06-04 7.00 51(075.8) თ-77 10231 2019-06-04 10231 2019-06-04 წიგნი 7 ლ.
          ტექნოლოგიური ფაკულტეტის ბიბლიოთეკა ტექნოლოგიური ფაკულტეტის ბიბლიოთეკა წიგნსაცავი 2019-06-04 7.00 51(075.8) თ-77 10232 2019-06-04 10232 2019-06-04 წიგნი 7 ლ.
          ტექნოლოგიური ფაკულტეტის ბიბლიოთეკა ტექნოლოგიური ფაკულტეტის ბიბლიოთეკა წიგნსაცავი 2019-06-04 7.00 51(075.8) თ-77 10233 2019-06-04 10233 2019-06-04 წიგნი 7 ლ.
          ტექნოლოგიური ფაკულტეტის ბიბლიოთეკა ტექნოლოგიური ფაკულტეტის ბიბლიოთეკა წიგნსაცავი 2019-06-06 7.00 51(075.8) თ-77 12184 2019-06-06 12184 2019-06-06 წიგნი 7.00 ლ.
          ტექნოლოგიური ფაკულტეტის ბიბლიოთეკა ტექნოლოგიური ფაკულტეტის ბიბლიოთეკა წიგნსაცავი 2019-06-06 7.00 51(075.8) თ-77 12185 2019-06-06 12185 2019-06-06 წიგნი 7.00 ლ.